| 000 | 01081nam a22002774i 4500 | ||
|---|---|---|---|
| 003 | AR-BaSMT | ||
| 008 | 250807t2016 uka|||br|||| 001 1 eng d | ||
| 020 | _a9781474924627 | ||
| 040 |
_aBSGB _bespañol _erda |
||
| 041 | 1 |
_aeng _hinglés |
|
| 080 | _a82-34=111 | ||
| 100 | 1 |
_aMackinnon, Mairi _9450 |
|
| 245 | 1 | 4 | _aThe Gingerbread Man |
| 250 | _aprimera edición | ||
| 264 |
_aLondres : _bUsborne, _c2017. |
||
| 300 |
_a32 páginas. _bIlustraciones a color. |
||
| 336 | _aTexto | ||
| 337 | _aSin Mediación | ||
| 338 | _aVolúmen | ||
| 520 | _aYou can't catch me, I'm the gingerbread man! Everyone wants to catch the gingerbread man. Only the fox wants to help him - or does he? The Usborne English Readers series is a new range of graded readers in simplified English for younger learners. They include activities, glossaries and a full audio recording of the text in both British English and American English. | ||
| 521 | _aPrimaria | ||
| 650 | 7 |
_923 _aCUENTO _xInglés |
|
| 700 | 1 |
_aLigi, Raffaellla _eIlustración _9451 |
|
| 942 |
_2ddc _aBOOK |
||
| 999 |
_c614 _d614 |
||